00298nam a22001217a 4500003000400000005001700004008004100021040001400062100001400076245004300090260003500133300000800168OSt20221220145046.0221220b xxu||||| |||| 00| 0 eng d csero soft aPanda P.K aPerspectives of Educational Psychology aAgrabAgarwal Publication Agra a608